01209nam a2200313I 45000010006000000050017000060080041000230350023000640400017000870200015001040200018001190350020001370900024001570490009001811000035001902450055002252460038002802500012003182600051003303000019003815050287004006000029006876500014007169420012007309460012007429940014007549990019007689520108007874317120230411085956.0070206s1960 mx b 000 0 spa c a(OCoLC)ocm82143890 aMXADNcMXADN a9681608135 a9789681608132 a(OCoLC)82143890 aHX39.5b.M741 m1960 aGRAL1 aMondolfo, Rodolfo,d1877-1976.10aMarx y marxismo;bestudios histórico-críticos.00aestudios históricos-críticos. a1a. ed. aMéxico,bFondo de Cultura Económica,c1960 a246 p.c22 cm.8 aCap. 1. Feuerbach y March.-- Cap. 2. Gérmenes en bruno, bacony spinoza del concepto marxista de la historia.-- Cap. 3. Marx y Mazzini.-- Cap. 4. La dialéctica en Engels.-- Cap. 5. En torno a Gramsci y la filosofía de la praxis.-- Cap. 6. El problema histórico de hilferding.10aHistoria -xfilosofía. 4aMarxismo. 2lcccbk aclperez aC0bDRFGD c110335d110335 00102lcc40708APTaBJBbBJBcAPTd2023-04-11l0p00000044142r2019-02-17 00:00:00t1w2019-02-17ybk